| 000 | 00523nam a2200169 4500 | ||
|---|---|---|---|
| 001 | 108179 | ||
| 003 | ES-MaACL | ||
| 005 | 20230906184609.0 | ||
| 007 | t| | ||
| 008 | 061121s1960 sp r ||||1| spa d | ||
| 100 | 1 |
_aMolitor, Rafael. _982029 |
|
| 245 | 1 | 3 |
_aEl espíritu del sacramento del orden / _cRafael Molitor; traducido del alemán por Alfredo Solla. |
| 260 |
_aBilbao : _bDescleé de Brouwer, _c1960. |
||
| 300 |
_a434 p. ; _c24 cm. |
||
| 700 | 1 |
_aSolla, Alfredo. _9107224 |
|
| 852 |
_aES-MaACL _jC-19598 _bR.47217 |
||
| 999 |
_c108179 _d108179 |
||